Normal view
MARC view
Entry Personal Name
001 - CONTROL NUMBER
- control field: 1121287
003 - CONTROL NUMBER IDENTIFIER
- control field: OSt
005 - DATE AND TIME OF LATEST TRANSACTION
- control field: 20260302115318.0
008 - FIXED-LENGTH DATA ELEMENTS
- fixed length control field: 260302|| aca||aabn | a|a d
040 ## - CATALOGING SOURCE
- Original cataloging agency: OSt
- Transcribing agency: OSt
100 ## - HEADING--PERSONAL NAME
- Personal name: Allienne R. Becker
670 ## - SOURCE DATA FOUND
- Source citation: Work cat.: (OSt)1685746: Allienne R. Becker, The Divine and Human Comedy of Andrew M. Greeley
